| 000 | 00352nam a2200133Ia 4500 | ||
|---|---|---|---|
| 008 | 230917s9999||||xx |||||||||||||| ||und|| | ||
| 040 |
_e197878 _aMAIN |
||
| 041 | _aEnglish | ||
| 082 | _a373 A59S | ||
| 100 | _aAnju | ||
| 245 | 0 | _aStudy of adjustment differences among boys and girls students at higher secondary stage | |
| 300 | _a56 p. | ||
| 942 | _cTH | ||
| 999 |
_c50393 _d50393 |
||